<?xml version="1.0" encoding="UTF-8"?>
<record
    xmlns:xsi="http://www.w3.org/2001/XMLSchema-instance"
    xsi:schemaLocation="http://www.loc.gov/MARC21/slim http://www.loc.gov/standards/marcxml/schema/MARC21slim.xsd"
    xmlns="http://www.loc.gov/MARC21/slim">

  <leader>02827nam a2200469   4500</leader>
  <controlfield tag="001">27335</controlfield>
  <controlfield tag="003">Biblioteca APEC</controlfield>
  <controlfield tag="005">20251014134039.0</controlfield>
  <controlfield tag="008">000000t2014    dr ||||| |||| 00| 0 spa d</controlfield>
  <datafield tag="040" ind1=" " ind2=" ">
    <subfield code="c">Biblioteca UNAPEC</subfield>
    <subfield code="a">Biblioteca UNAPEC</subfield>
    <subfield code="b">spa</subfield>
    <subfield code="e">rda</subfield>
  </datafield>
  <datafield tag="041" ind1=" " ind2=" ">
    <subfield code="a">spa</subfield>
  </datafield>
  <datafield tag="072" ind1=" " ind2=" ">
    <subfield code="a">Facultad de Humanidades</subfield>
  </datafield>
  <datafield tag="090" ind1=" " ind2=" ">
    <subfield code="a">TPG-CI MAS-07 2014</subfield>
  </datafield>
  <datafield tag="100" ind1="1" ind2=" ">
    <subfield code="a">Casilla, Antonio</subfield>
    <subfield code="9">97002</subfield>
    <subfield code="e">autor</subfield>
  </datafield>
  <datafield tag="245" ind1="1" ind2="0">
    <subfield code="a">Estrategia para la resoluci&#xF3;n aproximada de ecuaciones diferenciales ordinarias con la aplicaci&#xF3;n de serie de potencia /</subfield>
    <subfield code="c">Antonio Casilla ; Asesor : Francesco Semerari</subfield>
  </datafield>
  <datafield tag="260" ind1=" " ind2=" ">
    <subfield code="a">Santo Domingo, DO :</subfield>
    <subfield code="b">Universidad APEC,</subfield>
    <subfield code="c">2014</subfield>
  </datafield>
  <datafield tag="300" ind1=" " ind2=" ">
    <subfield code="a">77 hojas</subfield>
  </datafield>
  <datafield tag="336" ind1=" " ind2=" ">
    <subfield code="a">Texto</subfield>
    <subfield code="b">txt</subfield>
    <subfield code="2">rdacontent</subfield>
  </datafield>
  <datafield tag="337" ind1=" " ind2=" ">
    <subfield code="a">sin mediaci&#xF3;n</subfield>
    <subfield code="b">n</subfield>
    <subfield code="2">rdamedia</subfield>
  </datafield>
  <datafield tag="338" ind1=" " ind2=" ">
    <subfield code="a">volumen</subfield>
    <subfield code="b">nc</subfield>
    <subfield code="2">rdacarrier</subfield>
  </datafield>
  <datafield tag="500" ind1=" " ind2=" ">
    <subfield code="a">CAMPUS I</subfield>
  </datafield>
  <datafield tag="500" ind1=" " ind2=" ">
    <subfield code="a">Tesis en Formato PDF.
Tesis en Formato Electr&#xF3;nico.
Tesis en Formato Digital.</subfield>
  </datafield>
  <datafield tag="502" ind1=" " ind2=" ">
    <subfield code="a">Tesis (Maestr&#xED;a en Matem&#xE1;tica Superior) - Universidad APEC, 2014</subfield>
  </datafield>
  <datafield tag="505" ind1=" " ind2=" ">
    <subfield code="a">MARCO CONCEPTUAL Y METODOLOGICO
-Ecuaciones diferenciales ordinarias
-Ecuaciones diferenciales parciales
-Serie
-Serie geom&#xE9;trica
-Transformar funciones racionales a serie geom&#xE9;trica
-Serie de potencia y su desarrollo
-Serie de Maclauren y Taylor
-Transformar funciones trascendentales en serie de potencias
-Clasificar en ecuaciones diferenciales ordinarias los puntos singulares y puntos ordinarios
-Determinar puntos singulares y ordinarios de las siguientes ecuaciones diferenciales ordinarias
-Aplicar serie a ecuaciones diferenciales ordinarias
-Expresar ecuaciones diferenciales ordinarias en fase
-Determinar la soluci&#xF3;n de ecuaciones diferenciales ordinarias con punto ordinario
-Teorema de Roche Frobenius
-Aplicaci&#xF3;n sobre ecuaciones diferenciales con puntos singulares regulares
-Marco metodol&#xF3;gico
PRESENTACION Y ANALISIS DE RESULTADOS
Conclusiones
Reconocimientos</subfield>
  </datafield>
  <datafield tag="600" ind1=" " ind2=" ">
    <subfield code="2"> </subfield>
  </datafield>
  <datafield tag="650" ind1=" " ind2=" ">
    <subfield code="a">Ecuaciones diferenciales</subfield>
    <subfield code="9">97003</subfield>
  </datafield>
  <datafield tag="650" ind1=" " ind2=" ">
    <subfield code="a">Ecuaciones diferenciales</subfield>
    <subfield code="x">-Soluciones num&#xE9;ricas</subfield>
    <subfield code="9">66422</subfield>
  </datafield>
  <datafield tag="650" ind1=" " ind2=" ">
    <subfield code="a">Ecuaciones diferenciales parciales</subfield>
    <subfield code="9">97004</subfield>
  </datafield>
  <datafield tag="650" ind1=" " ind2=" ">
    <subfield code="a">&#xC1;lgebra diferencial</subfield>
    <subfield code="9">20867</subfield>
  </datafield>
  <datafield tag="650" ind1=" " ind2=" ">
    <subfield code="a">An&#xE1;lisis num&#xE9;rico</subfield>
    <subfield code="9">97005</subfield>
  </datafield>
  <datafield tag="650" ind1=" " ind2=" ">
    <subfield code="a">An&#xE1;lisis matem&#xE1;tico</subfield>
    <subfield code="9">97006</subfield>
  </datafield>
  <datafield tag="650" ind1=" " ind2=" ">
    <subfield code="a">Ecuaciones diferenciales parciales</subfield>
    <subfield code="x">-Soluciones num&#xE9;ricas</subfield>
    <subfield code="9">97007</subfield>
  </datafield>
  <datafield tag="650" ind1=" " ind2=" ">
    <subfield code="a">C&#xE1;lculo</subfield>
    <subfield code="9">97008</subfield>
  </datafield>
  <datafield tag="650" ind1=" " ind2=" ">
    <subfield code="a">C&#xE1;lculo num&#xE9;rico</subfield>
    <subfield code="9">97009</subfield>
  </datafield>
  <datafield tag="650" ind1=" " ind2=" ">
    <subfield code="a">Ecuaciones diferenciales</subfield>
    <subfield code="x">-Problemas, ejercicios, etc.</subfield>
    <subfield code="9">97010</subfield>
  </datafield>
  <datafield tag="650" ind1=" " ind2=" ">
    <subfield code="a">Ecuaciones diferenciales</subfield>
    <subfield code="x">-Procesamiento de datos</subfield>
    <subfield code="9">97011</subfield>
  </datafield>
  <datafield tag="650" ind1=" " ind2=" ">
    <subfield code="a">Universidad APEC</subfield>
    <subfield code="x">-Tesis</subfield>
    <subfield code="9">97012</subfield>
  </datafield>
  <datafield tag="700" ind1="1" ind2=" ">
    <subfield code="a">Semerari, Francesco</subfield>
    <subfield code="9">86387</subfield>
    <subfield code="e">asesor</subfield>
  </datafield>
  <datafield tag="856" ind1=" " ind2=" ">
    <subfield code="u">https://bibliotecaunapec.blob.core.windows.net/tesis/TPG_CI_MAS_07_2014_TPG150154.pdf</subfield>
    <subfield code="y">Hacer clic para ver el PDF (10.2 MB). Trabajo de posgrado.</subfield>
  </datafield>
  <datafield tag="912" ind1=" " ind2=" ">
    <subfield code="a">AJRP</subfield>
  </datafield>
  <datafield tag="942" ind1=" " ind2=" ">
    <subfield code="2">ddc</subfield>
    <subfield code="c">TES</subfield>
  </datafield>
  <datafield tag="999" ind1=" " ind2=" ">
    <subfield code="c">14439</subfield>
    <subfield code="d">14439</subfield>
  </datafield>
</record>
